000 00894nam a22002657a 4500
003 CHAP
005 20220329140933.0
008 971013s r 00010 d
010 _a60074
011 _a61046
035 _a65210
040 _cCHAP
090 _aR-3548
100 0 0 _aKhankhoje, Pandurang.
_963148
245 _aAlgunos productos nuevos del campo de experimentación de agricultura en Chapingo, Méx.
_b: nuevas variedades de maíz
500 _aSobretiro de : Memorias de la Sociedad Antonio Alzate 51 (9-10) : 359-370, 1929-30.
590 _aBATCH-UPD
_b10
_c20130110
_lUCH01
_h2035
590 _aBATCH-UPD
_b10
_c20130410
_lUCH01
_h1351
590 _aBATCH-UPD
_b10
_c20130914
_lUCH01
_h1753
590 _aCONVERSION
_b10
_c20130109
_lUCH01
_h1332
650 1 4 _aMaíz
_xVariedades.
_971081
901 _aBK
942 _cREIMP
949 _aR-3548
_bBC
_cR
_d-145138
_eTS1
_i65210
_si
999 _c60074
_d60074